| 000 | 00969cam a2200325 i 4500 | ||
|---|---|---|---|
| 999 |
_c150072 _d26972 |
||
| 001 | 150072 | ||
| 003 | TR-AnTOB | ||
| 005 | 20240109085850.0 | ||
| 007 | ta | ||
| 008 | 070117s2000 tu 000 0 tur d | ||
| 020 | _a9755124355 | ||
| 040 |
_aTR-AnTOB _beng _erda _cTR-AnTOB |
||
| 041 | 0 | _atur | |
| 050 | _aKKX2050 | ||
| 090 | _aKKX2050 | ||
| 099 | _aTOBB TÜRA 2000 | ||
| 110 | 2 |
_aTürkiye Ticaret, Sanayi, Deniz Ticaret Odaları ve Ticaret Borsaları Birliği _9117931 |
|
| 245 | 1 | 0 |
_aAnayasa 2000 : _bTürkiye Cumhuriyeti Anayasa önerisi. |
| 264 | 1 |
_aAnkara : _bTOBB, _c2000. |
|
| 300 |
_a120 pages ; _c27 cm |
||
| 336 |
_atext _btxt _2rdacontent |
||
| 337 |
_aunmediated _bn _2rdamedia |
||
| 338 |
_avolume _bnc _2rdacarrier |
||
| 490 | 0 |
_aTOBB ; _v357. _aBÖM ; _v58 |
|
| 650 | 7 |
_aAnayasa hukuku _zTürkiye _2etuturkob _9116005 |
|
| 650 | 7 |
_aAnayasalar _zTürkiye _2etuturkob _938301 |
|
| 901 | _aTA00013. | ||
| 942 |
_2lcc _cBK |
||